Loading...
| Any History | 8 | 15.00 | 100% | 50% | 0% |
| Current Events | 4 | 7.50 | 75% | 0% | 0% |
| Fine Arts - Classical Music | 8 | 11.25 | 100% | 13% | 0% |
| Fine Arts - Other | 8 | 10.00 | 63% | 38% | 0% |
| Geography | 5 | 16.00 | 100% | 60% | 0% |
| History - American | 9 | 13.33 | 78% | 56% | 0% |
| History - European | 12 | 16.67 | 100% | 58% | 8% |
| History - World | 9 | 13.33 | 89% | 44% | 0% |
| Literature - American | 11 | 16.36 | 91% | 64% | 9% |
| Literature - British | 10 | 18.00 | 100% | 50% | 30% |
| Literature - European | 7 | 18.57 | 100% | 71% | 14% |
| Literature - World | 7 | 17.14 | 100% | 57% | 14% |
| Mythology | 3 | 13.33 | 100% | 33% | 0% |
| Other Academic | 6 | 10.00 | 67% | 33% | 0% |
| Painting & Sculpture | 7 | 10.00 | 86% | 14% | 0% |
| Philosophy | 9 | 16.67 | 78% | 78% | 11% |
| Religion | 9 | 13.33 | 89% | 33% | 11% |
| Science - Biology | 9 | 17.78 | 100% | 78% | 0% |
| Science - Chemistry | 12 | 13.33 | 83% | 42% | 8% |
| Science - Other | 6 | 8.33 | 50% | 33% | 0% |
| Science - Physics | 4 | 7.50 | 75% | 0% | 0% |
| Social Science | 7 | 10.00 | 71% | 29% | 0% |